Los derechos humanos del siglo XXI/ (Registro nro. 7974)
[ vista simple ]
| 000 -LEADER | |
|---|---|
| fixed length control field | 01744nam a2200217Ia 4500 |
| 005 - FECHA Y HORA DE LA ÚLTIMA TRANSACCIÓN | |
| control field | 20230428162616.0 |
| 008 - FIXED-LENGTH DATA ELEMENTS--GENERAL INFORMATION | |
| fixed length control field | 230427s9999 xx 000 0 und d |
| 020 ## - INTERNATIONAL STANDARD BOOK NUMBER | |
| International Standard Book Number | 9505741782 |
| 040 ## - CATALOGING SOURCE | |
| Original cataloging agency | UPAN |
| Transcribing agency | Biblioteca San Vicente |
| Description conventions | RCAA2 |
| 041 ## - LANGUAGE CODE | |
| Language code of text/sound track or separate title | spa |
| 082 ## - DEWEY DECIMAL CLASSIFICATION NUMBER | |
| Classification number | 341481 |
| Item number | B533d |
| 100 ## - MAIN ENTRY--PERSONAL NAME | |
| Personal name | Bidart Campos, German J. |
| Relator code | aut. |
| 245 #0 - TITLE STATEMENT | |
| Title | Los derechos humanos del siglo XXI/ |
| Remainder of title | German J. Bidart Campos |
| 250 ## - EDITION STATEMENT | |
| Edition statement | 1° ed. |
| 260 ## - PUBLICATION, DISTRIBUTION, ETC. (IMPRINT) | |
| Place of publication, distribution, etc | Buenos Aires: |
| Name of publisher, distributor, etc | Ediar, |
| Date of publication, distribution, etc | 2005 |
| 300 ## - PHYSICAL DESCRIPTION | |
| Extent | 274 p.: |
| Dimensions | 15 cm. |
| 505 ## - FORMATTED CONTENTS NOTE | |
| Formatted contents note | 1. El aporte del Derecho Internacional de los Derechos Humanos al Derecho Constitucional Argentino<br/>2. La corrupciòn vs. la fuerza normativa de los Derechos Humanos<br/>3. El Derecho Penal Humanitario y su realidad en la practica de los tribunales Internacionales de la ex-Yugoslavia, Rwanda y la Corte Penal Internacional<br/>4. El Poder Judicial en el siglo XXI: Impacto del orden Internacional de los Derechos Humanos en la Jurisprudencia de la Corte Suprema de Estados Unidos de Amèrica<br/>5. Derechos Humanos y Justicia Constitucional: Intimidad y autonomia personal <br/>6. Los Derechos Humanos como limites a la democracia <br/>7. Los Derechos Economicos, Sociales y Culturales, hoy<br/>8. Acerca del Derecho Financiero y Tributario de los Derechos Humanos<br/>9. Mundo del trabajo, bienestar general, derechos humanos<br/>10. El Derecho Humano a la tutela judicial efectiva y sus vulneraciones en el ambito de la seguridad social<br/>11. Derechos Humanos, Bioetica y Medio Ambiente<br/>12. La iglesia y los Derechos Humanos en el siglo XXI<br/>13. Los desafios del regimen de los Derechos Humanos en la Argentina del siglo XXI<br/>14. Los Derechos Humanos hacia el futuro |
| 650 ## - SUBJECT ADDED ENTRY--TOPICAL TERM | |
| Source of heading or term | LEMB |
| Topical term or geographic name as entry element | Derecho |
| 700 ## - ADDED ENTRY--PERSONAL NAME | |
| Personal name | Guido I. Risso |
| Relator code | col. |
| 942 ## - ADDED ENTRY ELEMENTS (KOHA) | |
| Koha item type | Libros |
| Source of classification or shelving scheme | Dewey Decimal Classification |
| Withdrawn status | Lost status | Source of classification or shelving scheme | Damaged status | Not for loan | Collection code | Home library | Current library | Date acquired | Total Checkouts | Full call number | Barcode | Date last seen | Price effective from | Koha item type |
|---|---|---|---|---|---|---|---|---|---|---|---|---|---|---|
| Dewey Decimal Classification | Colección General | Biblioteca UPAN San Vicente | Biblioteca UPAN San Vicente | 27/04/2023 | 341481 B533d | 12002830 | 27/04/2023 | 27/04/2023 | Libros | |||||
| Dewey Decimal Classification | Colección General | Biblioteca UPAN San Vicente | Biblioteca UPAN San Vicente | 27/04/2023 | 341481 B533d | 12002831 | 28/04/2023 | 27/04/2023 | Libros | |||||
| Dewey Decimal Classification | Colección General | Biblioteca UPAN San Vicente | Biblioteca UPAN San Vicente | 27/04/2023 | 341481 B533d | 12002832 | 28/04/2023 | 27/04/2023 | Libros |